00336nam a2200121Ia 4500008004100000041000800041082001700049100001600066245003900082260005400121300003200175365000700207240624s9999 xx 000 0 und d aeng a658.4012 IND aSINGH KAMAL aWINNING AMIDST UNEXPECTED UNKNOWNS c2003aNew DelhibAll India Management Association axxix, : 185 : p. : cm. ; 21 cRS